Sports Quiz

Random Sports or NFL Quiz

NFL 200 Yard Rushing Games by Team Quiz Stats

 Plays Quiz Updated Jan 4, 2021

Support Sporcle.
Go Orange.
Score 0/146 Timer 08:00
0 Plays Today
Team Player % Correct
VikingsAdrian Peterson
91.8%
VikingsAdrian Peterson
91.8%
VikingsAdrian Peterson
91.8%
VikingsAdrian Peterson
91.8%
VikingsAdrian Peterson
91.8%
VikingsAdrian Peterson
91.5%
TitansDerrick Henry
90.6%
TitansDerrick Henry
90.6%
TitansDerrick Henry
90.6%
LionsBarry Sanders
87.8%
LionsBarry Sanders
87.8%
LionsBarry Sanders
87.8%
LionsBarry Sanders
87.8%
TitansChris Johnson
87.8%
ChiefsLarry Johnson
87.4%
ChiefsLarry Johnson
87.4%
BengalsRudi Johnson
87.2%
CardinalsLeShon Johnson
87.1%
ChargersLaDainian Tomlinson
86.6%
ChargersLaDainian Tomlinson
86.6%
ChargersLaDainian Tomlinson
86.6%
ChargersLaDainian Tomlinson
86.6%
CowboysEmmitt Smith
86.5%
TitansDerrick Henry
86.2%
RedskinsTimmy Smith
85.9%
DolphinsLamar Smith
85.9%
SteelersLe'Veon Bell
85.2%
GiantsTiki Barber
83%
GiantsTiki Barber
83%
GiantsTiki Barber
83%
GiantsTiki Barber
83%
GiantsTiki Barber
83%
DolphinsRicky Williams
82.7%
DolphinsRicky Williams
82.7%
PanthersDeAngelo Williams
82.6%
BillsO.J. Simpson
82.1%
BillsO.J. Simpson
82.1%
BillsO.J. Simpson
82.1%
BillsO.J. Simpson
82.1%
BillsO.J. Simpson
82.1%
BillsO.J. Simpson
82.1%
TitansDerrick Henry
80.9%
RamsMarshall Faulk
80.4%
Rams (2)Marshall Faulk
80.4%
Rams (2)Marshall Faulk
80.4%
BroncosTerrell Davis
80.2%
BroncosTerrell Davis
80.2%
BroncosTerrell Davis
80.2%
49ersFrank Gore
79%
Team Player % Correct
49ersFrank Gore
79%
BearsWalter Payton
79%
BearsWalter Payton
79%
RamsEric Dickerson
78.3%
RamsEric Dickerson
78.3%
Rams (2)Eric Dickerson
78.3%
Rams (2)Eric Dickerson
78.3%
RavensJamal Lewis
77.4%
RavensJamal Lewis
77.4%
BrownsJamal Lewis
77.4%
RaidersBo Jackson
76.4%
BillsFred Jackson
76.3%
ChiefsJamaal Charles
75.9%
ChiefsJamaal Charles
75.9%
ChiefsJamaal Charles
75.9%
SteelersLe'Veon Bell
75.5%
EaglesLeSean McCoy
75.4%
BucsDoug Martin
75%
BillsGreg Bell
75%
RamsGreg Bell
75%
Rams (2)Greg Bell
75%
JetsCurtis Martin
75%
ColtsJonathan Taylor
74.9%
SeahawksShaun Alexander
74.6%
SeahawksShaun Alexander
74.6%
BucsDoug Martin
74.5%
ColtsEdgerrin James
72.9%
ColtsEdgerrin James
72.9%
VikingsDalvin Cook
72.9%
TexansArian Foster
72.2%
PackersAhman Green
70.4%
Rams (2)Todd Gurley
68.4%
RamsJerome Bettis
68.1%
BillsThurman Thomas
68%
BroncosMike Anderson
67.9%
ChargersGary Anderson
67.7%
RavensRay Rice
66.4%
TitansEddie George
65.7%
BearsMatt Forte
65.6%
CowboysDeMarco Murray
63.6%
RavensPriest Holmes
62.8%
JetsThomas Jones
61.8%
BengalsCorey Dillon
61.5%
BengalsCorey Dillon
61.5%
BengalsCorey Dillon
61.5%
TitansEarl Campbell
61%
TitansEarl Campbell
61%
TitansEarl Campbell
61%
TitansEarl Campbell
61%
Team Player % Correct
JaguarsLeonard Fournette
61%
JaguarsFred Taylor
60.5%
BroncosClinton Portis
58.6%
BroncosClinton Portis
58.6%
FalconsMichael Turner
58.4%
FalconsMichael Turner
58.4%
DolphinsJay Ajayi
56.6%
DolphinsJay Ajayi
56.6%
DolphinsJay Ajayi
56.6%
RedskinsAlfred Morris
54.6%
GiantsJoe Morris
54.5%
SteelersWillie Parker
54.3%
SteelersWillie Parker
54.3%
GiantsAhmad Bradshaw
53.1%
PanthersJonathan Stewart
52.1%
BucsWarrick Dunn
49.2%
49ersRaheem Mostert
48.7%
CowboysTony Dorsett
44.9%
BroncosKnowshon Moreno
43.1%
PackersRyan Grant
31.7%
PatriotsJonas Gray
31.4%
RamsCharles White
30.4%
EaglesDuce Staley
28.8%
BillsTerry Miller
28%
SeahawksCurt Warner
26.8%
CardinalsChris Wells
26.4%
JetsIsaiah Crowell
26.3%
DolphinsReggie Bush
26.2%
FalconsGerald Riggs
26.2%
RedskinsGerald Riggs
26.2%
GiantsDerrick Ward
25.7%
SeahawksThomas Rawls
25%
BrownsJerome Harrison
21%
49ersCharlie Garner
17.4%
VikingsChuck Foreman
16.7%
SaintsGeorge Rogers
16.4%
RedskinsGeorge Rogers
16.4%
JetsFreeman McNeil
15.4%
BucsJames Wilder
14.7%
BengalsJames Brooks
14.6%
RaidersNapoleon Kaufman
13.2%
ChiefsBarry Word
11.3%
BrownsGreg Pruitt
8.5%
Rams (2)Lawrence McCutcheon
8%
SaintsRueben Mayes
6.1%
PatriotsTony Collins
4.8%
SteelersJohn Fuqua
4.7%
RamsWillie Ellison
3.2%

From the Vault

MLB Retired Jerseys

by Ben

Sports 20m
Mastering this quiz will go a long way toward getting your handle retired by Sporcle some day.
Remove Ads.
Support Sporcle.
Get the best of Sporcle when you Go Orange. This ad-free experience offers more features, more stats, and more fun while also helping to support Sporcle. Thank you for becoming a member.

Show Comments

Extras

Top Quizzes Today


Score Distribution

Your Account Isn't Verified!

In order to create a playlist on Sporcle, you need to verify the email address you used during registration. Go to your Sporcle Settings to finish the process.

Report this User

Report this user for behavior that violates our Community Guidelines.

Details: